000 00397nam a2200181Ia 4500
001 711
005 20260306140538.0
008 260306t1963||||xx |||||||||||||| ||spa||
041 _aESP
082 _a142.78
_bA43
100 _aAllers, Rudolf
_eAUT
245 0 _aExistencialismo y psiquiatría
260 _c1963
300 _a
_c
650 _aGEN
654 _aCHU
942 _cLIB
_dJUS
_fJUS
_2ddc
_n
999 _c711
_d711